000 00668nam a22002177a 4500
001 35433
003 BD-RjUL
005 20211209052323.0
008 140525r19671965enk |||| |||| 000 0 eng d
035 _a(BD-RjUL)35527
040 _aBD-RjUL
_beng
_cBD-RjUL
041 _aeng
082 _a519.53077
_bGOD V-2 1967
100 1 _aGotkin, Lassar G.
_9107555
245 1 0 _aDescriptive statistics :
_ba programed textbook /
_cby Lassar G. Gotkin and Leo S. Goldstein.
_nVolume 2
260 _aNew York :
_bWeley,
_cc1965 [Reprinted 1967]
300 _axiv,229 p ;
_c21 cm.
650 _aStatistics
_xProgrammed instruction.
_9107893
942 _2ddc
_cBK
999 _c35433
_d35433